Normal view
MARC view
- Kenneth Dutch
Entry Corporate Name
001 - CONTROL NUMBER
- control field: 124658
003 - CONTROL NUMBER IDENTIFIER
- control field: NUST
005 - DATE AND TIME OF LATEST TRANSACTION
- control field: 20240720164935.0
008 - FIXED-LENGTH DATA ELEMENTS
- fixed length control field: 240720|| aca||aabn | a|a d
040 ## - CATALOGING SOURCE
- Original cataloging agency: NUST
- Transcribing agency: NUST
110 ## - HEADING--CORPORATE NAME
- Corporate name or jurisdiction name as entry element: Kenneth Dutch
670 ## - SOURCE DATA FOUND
- Source citation: Work cat.: (NUST): Edward T. Dowling 124657, Introduction to Mathematical Economics, 2006.
